000 00443nam a2200157Ia 4500
003 GCL
008 140319s9999 xx 000 0 aRus d
040 _aGCL /
_cGCL
082 0 4 _a892.76
_bN T
100 1 _aNAGUIB MAHFOUZ
245 1 0 _aTUSSEN TWEE PALEIZEN (HOLLANDISH LANGUAGE) /
_cNAGUIB MAHFOUZ
260 _a[S.N] :
_bTHE AMERICAN UNIVERSITY IN CAIRO PRESS ،
_c1990
300 _a520 P
650 0 4 _aNAGUIB MAHFOUZ
942 _2ddc
_cBK
999 _c18527
_d18527